000 00321 a2200109 4500
001 ART_19052
005 20260410161920.0
008 260409a
245 1 0 _aEl cumplimiento del objeto social
100 1 _aRoitman, Horacio
773 0 _tLa información
_g- Tomo XXXVIII, Nº 587 (nov. 1978)
_wREV14902
999 _c27659
_d27659